000 01731nam a22003254a 4500
001 504
003 BR-IBIA
005 20260129102449.0
008 161006s2015 bl a g 000 f por
020 _a9788562936524
040 _bpor
041 1 _apor
_heng
082 0 4 _a813
_bM381c
100 1 _aMartin, George R. R.,
_d1948-
_91062
240 0 2 _aA game of thrones.
245 1 2 _aA guerra dos tronos /
_cGeorge R. R. Martin ; tradução Jorge Candeiais.
250 _a1. ed. -
260 _aSão Paulo :
_bLeya
_c2015
300 _a587p. :
_bil. ;
520 _aEm uma terra onde o verão pode durar décadas e o inverno toda uma vida, os problemas estão apenas começando. O frio está de volta e, nas florestas ao norte de Winterfell, forças sobrenaturais se espalham por trás da Muralha que protege a região. No centro do conflito estão os Stark do reino de Winterfell, uma família tão áspera quanto as terras que lhe pertencem. Dos lugares onde o frio é brutal, até os distantes reinos de plenitude e sol, George R. R. Martin narra uma história de lordes e damas, soldados e mercenários, assassinos e bastardos, que se juntam em um tempo de presságios malignos. Entre disputas por reinos, tragédias e traições, vitória e terror, o destino dos Stark, seus aliados e seus inimigos é incerto. Mas cada um está se esforçando para ganhar este conflito mortal: a guerra dos tronos.
650 _aLiteratura Americana
_984
650 _aFantasia épica
_9902
650 _aMagia
_9785
650 0 _aMundos fictícios
_91086
655 _aRomance
_923
655 _aFicção
_922
700 1 _aCandeias, Jorge,
_d1966-
_91064
830 _aAs crônicas de gelo e fogo
_vv.1
_91063
942 _2ddc
_n0
_cBK
999 _c504
_d504